| 000 | 00426cam a2200157 i 4500 | ||
|---|---|---|---|
| 082 |
_a330 _bAMI _cL-17, p-3 |
||
| 100 | 1 |
_aR. K. Amin _937839 |
|
| 245 | 1 | 0 |
_aElements of economics _c R. K. Amin |
| 250 | _a1st ed. | ||
| 260 |
_aIndia : _bCharotar Book stall Anand, _c1955. |
||
| 300 |
_a360 p. ; _c22 cm. |
||
| 526 |
_a0 _b0 _c0 _d330_000000000000000_AMI |
||
| 650 | 0 |
_aEconomics. _91437 |
|
| 650 | 0 |
_aMCE _9379 |
|
| 942 |
_2ddc _cBK |
||
| 999 |
_c542603 _d542603 |
||